000 00397nam a22001577a 4500
999 _c1902
_d1902
008 200206b ||||| |||| 00| 0 eng d
082 0 0 _a744.4
_bN624
100 _9972
_aNicholson, Fred.
245 1 0 _aMechanical drawing
_cby Nicholson, Fred.
250 _a1st
260 _aNew York
_bD Van-Nostrand
_c1947
300 _avii,211p.
365 _d12.06
650 0 _aMechanical Drawing
942 _cBK